000 00721nam a2200289Ia 4500
005 20260324115246.0
008 008 260324s9999 xx 000 0 eng d
020 _a9781315270814
037 _aEBOOK
040 _aCRL
040 _beng
040 _cCRL
041 _2eng
041 _aeng
084 _qCRL
100 _aClaudio Fiorino; Tiziana Rancati
_91153978
245 0 _aModelling Radiotherapy Side Effects
245 0 _bPractical Applications for Planning Optimisation
260 _bTaylor and Francis
260 _c2019
365 _a
365 _b400
856 _uhttp://www.taylorfrancis.com/books/9781315270814
942 _cEBOOK
999 _c1744721
_d1744721